01752cam a2200253 a 4500003000400000005001700004008004100021020001800062040002300080043002100103082002300124100002500147245008200172260005600254300004100310504005100351505081400402650002501216651004101241856008201282942001201364999001701376952010501393OSt20240530110421.0061127s2007 ctuab b 001 0 eng  a9780300110159 aEG-CaGPLcEG-CaGPL aa-iq---an-us---00221a956.7044\bA O0 aAli A. Allawid1947-14aThe occupation of Iraq :bwinning the war, losing the peace /cAli A. Allawi. aNew Haven [Conn.] :bYale University Press,cc2007. axxiv, 518 p. :bill., maps ;c25 cm. aIncludes bibliographical references and index.0 aThe great divides -- The rise of the opposition -- The build-up to war -- The invasion -- Occupation authorities -- A collapsed state : a ruined economy : a damaged society -- Deepening rifts in a brittle society -- Dismantling the Ba'athist state -- The formation of the governing council and the rise of the insurgency -- The shadow of real power -- The enigma of Ayatollah Sistani -- A constitution in waiting -- The fires of sectarian hatreds -- A Marshall Plan for Iraq? -- April 2004 : the turning point -- The interim Iraqi government -- Arabs and Persians -- Showdown at the shrine -- To hold or abort an election -- Corruption and the Potemkin state -- Iraqi society on the eve of free elections -- The vote -- Negotiating a constitution -- Crises and the Jaafari government -- Into uncharted waters. 0aIraq War, 2003-2011. 0aIraqxPolitics and governmenty2003-413Table of contents onlyuhttp://www.loc.gov/catdir/toc/ecip075/2006039445.html 2ddccBK c60650d60650 00102ddc4070aCAIbCAId2015-03-11l0o956.7044\ A Op159750r2015-03-11 00:00:00w2015-03-11yBK